Catálogo - Centro de Recursos para el Aprendizaje y la Investigación

Volver al Sitio - CRAI Biblioteca

Cellular and molecular immunology (Registro nro. 114548)

Detalles MARC
000 -CABECERA
campo de control de longitud fija 02130nam a22003254 4500
001 - NÚMERO DE CONTROL
campo de control 114548
003 - IDENTIFICADOR DEL NÚMERO DE CONTROL
campo de control DR-UNIBE
005 - FECHA Y HORA DE LA ÚLTIMA TRANSACCIÓN
campo de control 20260407105055.0
007 - CAMPO FIJO DE DESCRIPCIÓN FÍSICA--INFORMACIÓN GENERAL
campo de control de longitud fija cr nn 008mamaa
008 - DATOS DE LONGITUD FIJA--INFORMACIÓN GENERAL
campo de control de longitud fija 260407b2027 xxu|||||s|||| 00| 0 eng d
020 ## - NÚMERO INTERNACIONAL ESTÁNDAR DEL LIBRO
Número Internacional Estándar del Libro 9780443283581
020 ## - NÚMERO INTERNACIONAL ESTÁNDAR DEL LIBRO
Número Internacional Estándar del Libro 9780443283581 (electrónico)
040 ## - FUENTE DE LA CATALOGACIÓN
Centro catalogador/agencia de origen BIBLIOTECA UNIBE
Centro/agencia transcriptor BIBLIOTECA UNIBE
Normas de descripción rda
041 ## - CÓDIGO DE LENGUA
Código de lengua del texto/banda sonora o título independiente eng
245 10 - MENCIÓN DE TÍTULO
Título Cellular and molecular immunology
250 ## - MENCIÓN DE EDICIÓN
Mención de edición Undécima edición
260 ## - PUBLICACIÓN, DISTRIBUCIÓN, ETC.
Lugar de publicación, distribución, etc. Philadelphia :
Nombre del editor, distribuidor, etc. Elsevier,
Fecha de publicación, distribución, etc. 2026
300 ## - DESCRIPCIÓN FÍSICA
Extensión xi, 578 páginas :
Otras características físicas ilustraciones
500 ## - NOTA GENERAL
Nota general Recurso en línea:<br/>Disponible para miembros de UNIBE a través del portal web del CRAI: https://www.unibe.edu.do/biblioteca/libros-electronicos/
505 ## - NOTA DE CONTENIDO CON FORMATO
Nota de contenido con formato 1. Overview of the immune system |<br/>2. Cells and tissues of the immune system |<br/>3. Leukocyte circulation and migration into tissues |<br/>4. Innate immunity |<br/>5. Antibodies and antigens |<br/>6. Antigen presentation to T lymphocytes and the role of major histocompatibility complex molecules |<br/>7. Immune receptors and signal transduction |<br/>8. Lymphocyte development and antigen receptor gene rearrangement |<br/>9. Activation and regulation of T lymphocytes |<br/>10. Differentiation and functions of CD4+ effector T cells |<br/>11. Differentiation and functions of CD8+ effector T cells |<br/>12. B-cell activation and antibody production |<br/>13. Effector mechanisms of humoral immunity |<br/>14. Specialized immunity at epithelial barriers and in immune-privileged tissues |<br/>15. Immunologic tolerance and autoimmunity |<br/>16. Immunity to microbes |<br/>17. Transplantation immunology |<br/>18. Tumor immunology |<br/>19. Hypersensitivity disorders |<br/>20. Allergy |<br/>21. Congenital and acquired immunodeficiencies |<br/>
650 #7 - PUNTO DE ACCESO ADICIONAL DE MATERIA--TÉRMINO DE MATERIA
Término de materia o nombre geográfico como elemento de entrada Inmunología
Fuente del encabezamiento o término lemb
650 #7 - PUNTO DE ACCESO ADICIONAL DE MATERIA--TÉRMINO DE MATERIA
Término de materia o nombre geográfico como elemento de entrada Medicina
Fuente del encabezamiento o término lemb
9 (RLIN) 190212
655 #4 - TÉRMINO DE INDIZACIÓN--GÉNERO/FORMA
Datos o término principal de género/forma Recurso electrónico
9 (RLIN) 42681
700 ## - PUNTO DE ACCESO ADICIONAL--NOMBRE DE PERSONA
Nombre de persona Abbas, Abul K.
9 (RLIN) 22868
Término indicativo de función/relación autor
700 ## - PUNTO DE ACCESO ADICIONAL--NOMBRE DE PERSONA
Nombre de persona Lichtman, Andrew H. H.
9 (RLIN) 181593
Término indicativo de función/relación autor
700 ## - PUNTO DE ACCESO ADICIONAL--NOMBRE DE PERSONA
Nombre de persona Pillai, Shiv
9 (RLIN) 36465
Término indicativo de función/relación autor
700 ## - PUNTO DE ACCESO ADICIONAL--NOMBRE DE PERSONA
Nombre de persona Henrickson, Sarah E.
9 (RLIN) 204130
Término indicativo de función/relación autor
856 ## - LOCALIZACIÓN Y ACCESO ELECTRÓNICOS
Identificador Uniforme del Recurso <a href="https://www.clinicalkey.com/student/content/toc/3-s2.0-C20230509061">https://www.clinicalkey.com/student/content/toc/3-s2.0-C20230509061</a>
942 ## - ELEMENTOS DE PUNTO DE ACCESO ADICIONAL (KOHA)
Fuente del sistema de clasificación o colocación Sistema de Clasificación Decimal Dewey
Tipo de ítem Koha e-Libro (en línea)
Existencias
Estado de retiro Estado de pérdida Fuente del sistema de clasificación o colocación No para préstamo Código de colección Localización permanente Fecha de adquisición Total de préstamos Código de barras Fecha visto por última vez Número de copia Precio válido a partir de Tipo de ítem Koha
  Disponible Sistema de Clasificación Decimal Dewey   e-Libro de Texto (en línea) Biblioteca Central UNIBE 07/04/2026   EB0529 07/04/2026 copias ilimitadas 07/04/2026 e-Libro (en línea)